000
00331nam a22001457a 4500
003
OSt
005
20231202094354.0
008
231202b |||||||| |||| 00| 0 eng d
040
_c
IIMT UNIVERSITY
100
_a
GEETA, PRESS
245
_a
GEETAWALI
260
_a
GORAKHPUR
_b
GEETA PRESS
_c
S.2041
300
_a
443
942
_2
ddc
_c
09
999
_c
57753
_d
57753